[Event "USA tt"]
[Site "ICC INT"]
[Date "2007.10.17"]
[Round "8"]
[White "Tangborn, Eric"]
[Black "Kuljasevic, Davorin"]
[Result "0-1"]
[WhiteElo "2455"]
[BlackElo "2454"]
[PlyCount "76"]
[EventDate "2007.08.29"]
[EventType "team"]
[EventRounds "10"]
[EventCountry "USA"]
[SourceTitle "CBM 120 Extra"]
[Source "ChessBase"]
[SourceDate "2007.11.01"]
[SourceVersion "1"]
[SourceVersionDate "2007.11.01"]
[SourceQuality "1"]

1. d4 Nf6 2. Nf3 c5 3. d5 b5 4. Bg5 Qb6 5. Nc3 b4 6. Na4 Qa5 7. Bxf6 gxf6 8. b3 f5 9. Nd2 d6 10. Nc4 Qc7 11. e3 Bg7 12. Rc1 Nd7 13. c3 Rb8 14. Be2 a5 15. 0-0 Nf6 16. Bf3 0-0 17. Re1 Rd8 18. Nd2 e6 19. c4 e5 20. Nf1 Kh8 21. Ng3 Rg8 22. Be2 Qe7 23. Bd3 e4 24. Bc2 Ng4 25. Nf1 Qh4 26. g3 Qh3 27. f4 Nxh2 28. Nxh2 Bd4 29. g4 Bxe3+ 30. Rxe3 Qxe3+ 31. Kh1 fxg4 32. Qg1 Qxf4 33. Rf1 Qe5 34. Rf2 g3 35. Rg2 Bh3 36. Nf1 Qh5 37. Nxg3 Bxg2+ 38. Kxg2 Rxg3+ 0-1

[Event "Bellevue Slugfest op"]
[Site "Bellevue"]
[Date "2006.10.13"]
[Round "2"]
[White "Ftacnik, Lubomir"]
[Black "Tangborn, Eric"]
[Result "1-0"]
[WhiteElo "2579"]
[BlackElo "2455"]
[PlyCount "75"]
[EventDate "2006.10.13"]
[EventType "swiss"]
[EventRounds "6"]
[EventCountry "USA"]
[SourceTitle "CBM 114 Extra"]
[Source "ChessBase"]
[SourceDate "2006.11.03"]
[SourceVersion "1"]
[SourceVersionDate "2006.11.03"]
[SourceQuality "1"]

1. d4 Nf6 2. Nf3 e6 3. c4 Bb4+ 4. Nbd2 b6 5. a3 Bxd2+ 6. Bxd2 h6 7. g3 Bb7 8. Bg2 d6 9. 0-0 0-0 10. Rc1 Nbd7 11. b4 Ne4 12. Be3 c5 13. Qc2 Qc8 14. Rfd1 Ndf6 15. dxc5 bxc5 16. Ne1 cxb4 17. axb4 Qc7 18. f3 Ng5 19. Qd2 Rfd8 20. Bxg5 hxg5 21. Qxg5 Qb6+ 22. c5 Qxb4 23. Rb1 Qa4 24. cxd6 Nd5 25. Qd2 Nb6 26. e4 e5 27. Bf1 Qd7 28. Nc2 Bc6 29. Qa5 Qe6 30. Ne3 Rxd6 31. Rxd6 Qxd6 32. Nf5 Qe6 33. Rd1 Ba4 34. Rd6 Qe8 35. Qd2 f6 36. Bh3 Bb3 37. Qe3 Bf7 38. Rxf6 1-0

[Event "USA tt"]
[Site "ICC INT"]
[Date "2006.08.30"]
[Round "1"]
[White "Tangborn, Eric"]
[Black "Andrews, Todd D"]
[Result "1-0"]
[WhiteElo "2455"]
[BlackElo "2284"]
[PlyCount "79"]
[EventDate "2006.08.30"]
[EventType "team"]
[EventRounds "10"]
[EventCountry "USA"]
[SourceTitle "CBM 114 Extra"]
[Source "ChessBase"]
[SourceDate "2006.11.03"]
[SourceVersion "1"]
[SourceVersionDate "2006.11.03"]
[SourceQuality "1"]
[WhiteTeam "Seattle"]
[BlackTeam "Tennessee Tempo"]
[WhiteTeamCountry "USA"]
[BlackTeamCountry "USA"]

1. c4 e5 2. g3 d6 3. Bg2 Nf6 4. Nc3 g6 5. d3 Bg7 6. e4 0-0 7. Nge2 Nc6 8. 0-0 Nd7 9. Be3 Nc5 10. f4 Bg4 11. f5 f6 12. Bf3 gxf5 13. exf5 Bxf3 14. Rxf3 Kh8 15. Rf1 Rg8 16. Qd2 Qe8 17. Nd5 Rc8 18. g4 Ne7 19. Nxe7 Qxe7 20. Ng3 c6 21. d4 Nd7 22. Rac1 Rcd8 23. h3 d5 24. c5 Rde8 25. b4 a6 26. Rce1 Qf7 27. Kh1 Bf8 28. Nh5 Be7 29. Bh6 Bd8 30. dxe5 fxe5 31. f6 Rg6 32. Bg7+ Kg8 33. Rf5 Bc7 34. Ref1 Nf8 35. Rg5 Ne6 36. Rxg6 hxg6 37. Qh6 Nxg7 38. Nxg7 Rf8 39. Ne6 Rc8 40. Ng5 1-0

[Event "Budapest FS05 IM"]
[Site "Budapest"]
[Date "1992.??.??"]
[Round "?"]
[White "Lehmann, Zoltan"]
[Black "Tangborn, Eric"]
[Result "0-1"]
[WhiteElo "2225"]
[BlackElo "2355"]
[PlyCount "98"]
[EventDate "1992.??.??"]
[EventType "tourn"]
[EventRounds "13"]
[EventCountry "HUN"]
[SourceTitle "EXT 2004"]
[Source "ChessBase"]
[SourceDate "2003.11.25"]
[SourceVersion "1"]
[SourceVersionDate "2003.11.25"]
[SourceQuality "1"]

1. d4 Nf6 2. c4 e6 3. Nf3 Bb4+ 4. Bd2 a5 5. g3 d6 6. Bg2 Nbd7 7. 0-0 e5 8. Bg5 exd4 9. Nxd4 h6 10. Bf4 0-0 11. Qc2 Ne5 12. Rd1 Ng6 13. Bc1 Re8 14. a3 Bc5 15. b3 c6 16. h3 Qe7 17. Nc3 Qe5 18. e3 Qh5 19. Qe2 Qxe2 20. Ncxe2 Ne7 21. Bb2 Nd7 22. Nc2 Ne5 23. Bc3 f6 24. Nf4 a4 25. b4 Bb6 26. Bf1 Bf5 27. Rac1 Rad8 28. Nd4 Bxd4 29. exd4 Nf3+ 30. Kh1 d5 31. cxd5 Nxd5 32. Nxd5 cxd5 33. g4 Be4 34. Bd3 Ng5+ 35. Bxe4 Nxe4 36. Kg2 Nd6 37. Bd2 Nc4 38. Be3 Rc8 39. Rc3 Rc6 40. Rdc1 Rec8 41. Kg3 Kf7 42. Bf4 Ke7 43. Re1+ Kd7 44. Rec1 g5 45. Be3 Nxe3 46. Rxc6 Rxc6 47. Rxc6 Nf1+ 48. Kg2 Kxc6 49. Kxf1 Kb5 0-1

[Event "Budapest Spring op 08th"]
[Site "Budapest"]
[Date "1992.??.??"]
[Round "?"]
[White "Poluljahov, Aleksandr"]
[Black "Tangborn, Eric"]
[Result "1-0"]
[WhiteElo "2425"]
[BlackElo "2355"]
[PlyCount "73"]
[EventDate "1992.03.??"]
[EventType "swiss"]
[EventRounds "9"]
[EventCountry "HUN"]
[SourceTitle "CBM 030 Extra"]
[Source "ChessBase"]
[SourceDate "1992.11.01"]
[SourceVersion "1"]
[SourceVersionDate "1992.11.01"]
[SourceQuality "1"]

1. Nf3 c5 2. c4 Nc6 3. e3 Nf6 4. b3 g6 5. Bb2 Bg7 6. Be2 0-0 7. a3 b6 8. 0-0 Bb7 9. d3 d5 10. cxd5 Qxd5 11. Qc2 Rac8 12. Nbd2 Ne8 13. Bxg7 Nxg7 14. Qb2 Ne6 15. Ne4 a5 16. Rac1 h6 17. Rfd1 Ba8 18. Rc4 Ng7 19. Ng3 Qe6 20. Rh4 g5 21. Rc4 Qf6 22. Qc1 Nf5 23. Nxf5 Qxf5 24. h4 f6 25. d4 cxd4 26. exd4 b5 27. Rc3 b4 28. Bc4+ Kh8 29. Re3 Rc7 30. hxg5 hxg5 31. Nxg5 fxg5 32. Rf3 Nxd4 33. Rxf5 Nxf5 34. axb4 axb4 35. Qxg5 Rc6 36. Rd3 Rh6 37. Bd5 1-0

[Event "Budapest IM"]
[Site "Budapest"]
[Date "1992.??.??"]
[Round "4"]
[White "Somlai, Laszlo"]
[Black "Tangborn, Eric"]
[Result "1/2-1/2"]
[WhiteElo "2375"]
[BlackElo "2355"]
[PlyCount "39"]
[EventDate "1992.??.??"]
[EventType "tourn"]
[EventRounds "9"]
[EventCountry "HUN"]
[EventCategory "4"]
[SourceTitle "EXT 1997"]
[Source "ChessBase"]
[SourceDate "1996.11.15"]
[SourceVersion "1"]
[SourceVersionDate "1996.11.15"]
[SourceQuality "1"]

1. e4 c5 2. Nf3 Nc6 3. d4 cxd4 4. Nxd4 g6 5. c4 Nf6 6. Nc3 d6 7. Be2 Nxd4 8. Qxd4 Bg7 9. Be3 0-0 10. Qd2 Be6 11. 0-0 Qa5 12. Rac1 a6 13. f3 Rfc8 14. b3 Rab8 15. Rfd1 b5 16. Nd5 Qxd2 17. Bxd2 Nxd5 18. cxd5 Bd7 19. Rxc8+ Rxc8 20. Rc1 1/2-1/2

[Event "Budapest Spring op 08th"]
[Site "Budapest"]
[Date "1992.??.??"]
[Round "?"]
[White "Tangborn, Eric"]
[Black "Kincs, Imre"]
[Result "1/2-1/2"]
[WhiteElo "2355"]
[BlackElo "2285"]
[PlyCount "92"]
[EventDate "1992.03.??"]
[EventType "swiss"]
[EventRounds "9"]
[EventCountry "HUN"]
[SourceTitle "CBM 030 Extra"]
[Source "ChessBase"]
[SourceDate "1992.11.01"]
[SourceVersion "1"]
[SourceVersionDate "1992.11.01"]
[SourceQuality "1"]

1. d4 g6 2. e4 Bg7 3. Nc3 d6 4. g3 Nc6 5. d5 Nd4 6. Be3 c5 7. dxc6 Nxc6 8. h3 Bd7 9. Nge2 Nf6 10. Bg2 0-0 11. 0-0 Ne5 12. Rb1 Qc8 13. Kh2 b5 14. Nd5 Nxd5 15. exd5 Qc7 16. Nd4 Nc4 17. Bc1 Rac8 18. c3 e5 19. dxe6 fxe6 20. Qe2 Rce8 21. b3 Ne5 22. f4 Nf7 23. Nxb5 Bxb5 24. Qxb5 Bxc3 25. Be3 Rc8 26. Qa6 d5 27. Rfc1 Qd7 28. Qxa7 Rc7 29. Qa4 Qxa4 30. bxa4 Rfc8 31. Bb6 Rc4 32. a5 Nd6 33. a6 g5 34. a7 gxf4 35. gxf4 Ra4 36. Rc2 Kf7 37. Rb3 Be1 38. Rxc8 Nxc8 39. f5 Rxa2 40. fxe6+ Kxe6 41. Bd4 Bd2 42. Rb7 Bf4+ 43. Kg1 Be5 44. Bc5 Ra5 45. Kf1 Nxa7 46. Bxa7 Ra1+ 1/2-1/2

[Event "Kobanya op"]
[Site "Kobanya"]
[Date "1992.??.??"]
[Round "8"]
[White "Tangborn, Eric"]
[Black "Kozlov, Oleg"]
[Result "1-0"]
[WhiteElo "2355"]
[BlackElo "2365"]
[PlyCount "53"]
[EventDate "1992.??.??"]
[EventType "swiss"]
[EventRounds "11"]
[EventCountry "HUN"]
[SourceTitle "TD"]
[Source "ChessBase"]
[SourceDate "1994.03.01"]
[SourceVersion "1"]
[SourceVersionDate "1994.03.01"]
[SourceQuality "1"]

1. d4 d5 2. Nf3 Nf6 3. Bf4 c5 4. e3 Bg4 5. Nbd2 Qb6 6. dxc5 Qxc5 7. a3 Nbd7 8. Be2 e6 9. c4 a5 10. cxd5 Nxd5 11. Rc1 Qa7 12. Bb5 b6 13. Qa4 Bxf3 14. Nxf3 f6 15. Nd4 e5 16. Qc4 Nxf4 17. Nc6 Qc7 18. exf4 Bc5 19. Qe6+ Kf8 20. Rd1 Bxf2+ 21. Kxf2 Nc5 22. Qd5 g6 23. fxe5 Kg7 24. exf6+ Kh6 25. Ne5 g5 26. Nf7+ Kg6 27. Qxg5+ 1-0

[Event "Budapest FS05 IM"]
[Site "Budapest"]
[Date "1992.??.??"]
[Round "?"]
[White "Tangborn, Eric"]
[Black "Stajcic, Nikola"]
[Result "0-1"]
[WhiteElo "2355"]
[BlackElo "2320"]
[PlyCount "98"]
[EventDate "1992.??.??"]
[EventType "tourn"]
[EventRounds "13"]
[EventCountry "HUN"]
[SourceTitle "EXT 2004"]
[Source "ChessBase"]
[SourceDate "2003.11.25"]
[SourceVersion "1"]
[SourceVersionDate "2003.11.25"]
[SourceQuality "1"]

1. c4 Nf6 2. Nf3 e6 3. Nc3 Bb4 4. Qc2 c5 5. a3 Ba5 6. g3 Nc6 7. Bg2 0-0 8. 0-0 d6 9. Rb1 e5 10. e3 Re8 11. d3 Bxc3 12. Qxc3 a5 13. b3 Rb8 14. Nd2 Qe7 15. Bb2 Bf5 16. Rbe1 Qd7 17. f4 Bh3 18. Nf3 Bxg2 19. Kxg2 b5 20. Ba1 b4 21. axb4 Rxb4 22. Nd2 a4 23. bxa4 Rxa4 24. h3 Ra2 25. Rf2 Rea8 26. Bb2 Rb8 27. Nf3 Rb4 28. fxe5 dxe5 29. Ra1 Rxa1 30. Bxa1 Qb7 31. Rb2 Qa8 32. Rxb4 Nxb4 33. e4 Qa2+ 34. Qb2 Qxb2+ 35. Bxb2 Nxd3 36. Bxe5 Nxe4 37. Bc7 f6 38. Kf1 Nb2 39. Ke2 Nxc4 40. Kd3 Ncd6 41. Nd2 Nf2+ 42. Ke3 Ne8 43. Bb6 Nxh3 44. Bxc5 Ng5 45. Nc4 Kf7 46. Ba3 Ke6 47. Kf4 h5 48. Ne3 Nc7 49. Bb2 Kf7 0-1

[Event "Budapest IM"]
[Site "Budapest"]
[Date "1992.??.??"]
[Round "1"]
[White "Tangborn, Eric"]
[Black "Szalanczy, Emil"]
[Result "0-1"]
[WhiteElo "2355"]
[BlackElo "2420"]
[PlyCount "78"]
[EventDate "1992.??.??"]
[EventType "tourn"]
[EventRounds "9"]
[EventCountry "HUN"]
[EventCategory "4"]
[SourceTitle "EXT 1997"]
[Source "ChessBase"]
[SourceDate "1996.11.15"]
[SourceVersion "1"]
[SourceVersionDate "1996.11.15"]
[SourceQuality "1"]

1. d4 Nf6 2. Nf3 c5 3. d5 e6 4. Nc3 d6 5. e4 exd5 6. exd5 Be7 7. Be2 0-0 8. 0-0 h6 9. Nd2 Na6 10. Nc4 Bf5 11. Ne3 Bh7 12. Bd3 Qd7 13. Re1 Nc7 14. a4 Rfe8 15. Nc4 Bf8 16. Bxh7+ Nxh7 17. Rxe8 Rxe8 18. Bf4 g5 19. Be3 f5 20. h3 Nf6 21. Na5 f4 22. Bc1 Qf5 23. Nxb7 Ncxd5 24. Nb5 Qe5 25. Bd2 a6 26. Nc3 Nb4 27. Na5 d5 28. Na2 Nxa2 29. Rxa2 Ne4 30. Be1 Re6 31. c4 d4 32. Ra3 Bg7 33. Rb3 Nd6 34. Bd2 Qe2 35. Rb8+ Kf7 36. Qb1 Qxd2 37. Qh7 Qxa5 38. Qg8+ Kf6 39. Rd8 Qc7 0-1

[Event "Budapest IM"]
[Site "Budapest"]
[Date "1992.??.??"]
[Round "2"]
[White "Vujosevic, Vladimir"]
[Black "Tangborn, Eric"]
[Result "1-0"]
[WhiteElo "2385"]
[BlackElo "2355"]
[PlyCount "77"]
[EventDate "1992.??.??"]
[EventType "tourn"]
[EventRounds "9"]
[EventCountry "HUN"]
[EventCategory "4"]
[SourceTitle "EXT 1997"]
[Source "ChessBase"]
[SourceDate "1996.11.15"]
[SourceVersion "1"]
[SourceVersionDate "1996.11.15"]
[SourceQuality "1"]

1. e4 c5 2. Nf3 Nc6 3. Bb5 g6 4. 0-0 Bg7 5. c3 Nf6 6. Re1 0-0 7. h3 e5 8. d3 d6 9. Nbd2 Nh5 10. Nf1 Nf4 11. Bxf4 exf4 12. d4 Qb6 13. Bxc6 Qxc6 14. Qd2 Bh6 15. e5 cxd4 16. cxd4 Be6 17. Rac1 Qd5 18. N1h2 Rad8 19. Ng4 Bxg4 20. hxg4 dxe5 21. Rxe5 Qxa2 22. Ra5 Qe6 23. Rxa7 Qxg4 24. Rxb7 Bg7 25. d5 Qf5 26. d6 g5 27. d7 Bf6 28. Qc2 Qd5 29. Qc6 Qxc6 30. Rxc6 Kg7 31. Nd2 Be7 32. Nb3 Bf6 33. Nc5 g4 34. Nd3 g3 35. Nxf4 Bd4 36. Nh5+ Kh8 37. Nxg3 f5 38. Ne2 Be5 39. Re6 1-0

[Event "St Ingbert op"]
[Site "St Ingbert"]
[Date "1991.??.??"]
[Round "7"]
[White "Galdunts, Sergey"]
[Black "Tangborn, Eric"]
[Result "1/2-1/2"]
[WhiteElo "2470"]
[BlackElo "2355"]
[PlyCount "103"]
[EventDate "1991.08.??"]
[EventType "swiss"]
[EventRounds "9"]
[EventCountry "GER"]
[SourceTitle "EXT 1997"]
[Source "ChessBase"]
[SourceDate "1996.11.15"]
[SourceVersion "1"]
[SourceVersionDate "1996.11.15"]
[SourceQuality "1"]

1. e4 c5 2. Nc3 Nc6 3. Nge2 g6 4. g3 Bg7 5. Bg2 d6 6. d3 e6 7. Be3 Nd4 8. Rb1 Ne7 9. 0-0 0-0 10. f4 Rb8 11. b4 cxb4 12. Rxb4 Ndc6 13. Rb1 b6 14. Nb5 a6 15. Na3 d5 16. c4 Qd6 17. Nc2 dxc4 18. dxc4 Qc7 19. Qe1 b5 20. cxb5 Rxb5 21. Rxb5 axb5 22. Qb1 Bd7 23. Rc1 Qa5 24. Bc5 Rc8 25. Ne3 h5 26. e5 Nf5 27. Nxf5 gxf5 28. Qd3 Be8 29. a3 Rd8 30. Qe3 Qa6 31. Bf3 Na5 32. Be7 Nc4 33. Qc5 Rc8 34. Qd4 Bc6 35. Bxc6 Qxc6 36. Rc3 Qe8 37. Bb4 Rd8 38. Qf2 Qc6 39. Qf3 Qb6+ 40. Kg2 Nd2 41. Qc6 Qxc6+ 42. Rxc6 Bf8 43. Nc3 Bxb4 44. axb4 Ne4 45. Nxb5 Rb8 46. Nd6 Rxb4 47. Kh3 Rb2 48. Nxe4 fxe4 49. Rc3 Re2 50. g4 hxg4+ 51. Kxg4 Rxh2 52. Re3 1/2-1/2

[Event "St Ingbert op"]
[Site "St Ingbert"]
[Date "1991.??.??"]
[Round "6"]
[White "Horvath, Gyula"]
[Black "Tangborn, Eric"]
[Result "1/2-1/2"]
[WhiteElo "2420"]
[BlackElo "2355"]
[PlyCount "82"]
[EventDate "1991.08.??"]
[EventType "swiss"]
[EventRounds "9"]
[EventCountry "GER"]
[SourceTitle "EXT 1997"]
[Source "ChessBase"]
[SourceDate "1996.11.15"]
[SourceVersion "1"]
[SourceVersionDate "1996.11.15"]
[SourceQuality "1"]

1. Nf3 c5 2. c4 Nc6 3. Nc3 Nd4 4. e3 Nxf3+ 5. Qxf3 g6 6. a3 Rb8 7. b4 b6 8. Rb1 Bb7 9. Qg3 Bg7 10. Be2 d6 11. 0-0 Nf6 12. Bb2 0-0 13. d3 Qd7 14. Ba1 Rfc8 15. h3 Ra8 16. bxc5 Rxc5 17. Nb5 Nh5 18. Qg4 Qd8 19. Bxg7 Nxg7 20. d4 Rcc8 21. a4 Ne8 22. Rfc1 Nf6 23. Qh4 Bc6 24. Ra1 Qd7 25. Nc3 d5 26. Qg5 dxc4 27. Bxc4 Bb7 28. Qb5 Qxb5 29. Bxb5 Rc7 30. Ne2 Rxc1+ 31. Rxc1 Rc8 32. Rxc8+ Bxc8 33. Nc3 Bb7 34. f3 Nd5 35. Nxd5 Bxd5 36. e4 Bb3 37. d5 f6 38. Kf2 Kf7 39. Ke3 e5 40. Kd3 Ke7 41. Kc3 Bd1 1/2-1/2

[Event "Vienna op"]
[Site "Vienna"]
[Date "1991.??.??"]
[Round "9"]
[White "Tangborn, Eric"]
[Black "Djeno, Drago"]
[Result "1-0"]
[WhiteElo "2355"]
[BlackElo "2230"]
[PlyCount "71"]
[EventDate "1991.10.??"]
[EventType "swiss"]
[EventRounds "9"]
[EventCountry "AUT"]
[SourceTitle "EXT 2000"]
[Source "ChessBase"]
[SourceDate "1999.11.16"]
[SourceVersion "1"]
[SourceVersionDate "1999.11.16"]
[SourceQuality "1"]

1. d4 Nf6 2. Nf3 g6 3. Bg5 Bg7 4. Nbd2 0-0 5. e4 d6 6. c3 c5 7. Be2 cxd4 8. cxd4 Nc6 9. d5 Nb8 10. 0-0 Nbd7 11. Re1 Re8 12. h3 Nc5 13. Bc4 Bd7 14. a4 Rc8 15. e5 dxe5 16. Nxe5 Bf5 17. d6 Be6 18. Bxe6 fxe6 19. b4 exd6 20. Ng4 Ncd7 21. Ne4 d5 22. Nd6 Qb6 23. Nxc8 Rxc8 24. Be3 Qd6 25. Nh6+ Kf8 26. Rc1 Re8 27. Ng4 Qxb4 28. Nxf6 Bxf6 29. Rb1 Qd6 30. Rxb7 a6 31. Qf3 Kg7 32. Rc1 Re7 33. Rcc7 e5 34. Qg4 Nb8 35. Rxe7+ Bxe7 36. Bg5 1-0

[Event "Reykjavik op"]
[Site "Reykjavik"]
[Date "1990.??.??"]
[Round "8"]
[White "Kristjansson, Olafur"]
[Black "Tangborn, Eric"]
[Result "0-1"]
[WhiteElo "2215"]
[BlackElo "2365"]
[PlyCount "120"]
[EventDate "1990.03.??"]
[EventType "swiss"]
[EventRounds "11"]
[EventCountry "ISL"]
[SourceTitle "CBM 018 Extra"]
[Source "ChessBase"]
[SourceDate "1990.11.01"]
[SourceVersion "1"]
[SourceVersionDate "1990.11.01"]
[SourceQuality "1"]

1. e4 c5 2. Nf3 Nc6 3. d4 cxd4 4. Nxd4 g6 5. Nc3 Bg7 6. Be3 Nf6 7. Bc4 Qa5 8. 0-0 0-0 9. Bb3 d6 10. h3 Bd7 11. f4 Nxd4 12. Bxd4 Bc6 13. Qe1 Qb4 14. Rd1 Nxe4 15. Bxg7 Kxg7 16. Nxe4 Qxe4 17. Qd2 Qf5 18. Rde1 Rfe8 19. Kh2 h5 20. c4 Rac8 21. Bc2 Qf6 22. f5 g5 23. h4 gxh4 24. b4 b5 25. Bd1 bxc4 26. Bxh5 c3 27. Qf4 Bd5 28. Qg4+ Kf8 29. Bg6 c2 30. Qh5 c1Q 31. Rxc1 Rxc1 32. Qh6+ Qg7 33. Qxc1 fxg6 34. fxg6+ Kg8 35. Qg5 Qe5+ 36. Qxe5 dxe5 37. Rf5 Bxa2 38. Rxe5 Bc4 39. Kh3 Kg7 40. Kxh4 Kxg6 41. Rc5 Bf1 42. g4 Rh8+ 43. Kg3 a6 44. Rf5 Bb5 45. Kf4 Rc8 46. Rg5+ Kf6 47. Rf5+ Ke6 48. Re5+ Kd6 49. Re3 Rf8+ 50. Kg5 e5 51. Kh6 Rg8 52. g5 Be8 53. Ra3 Rg6+ 54. Kh5 Kd5 55. Kg4 Rb6 56. Kf3 Ke6 57. Ke3 Kf5 58. Ra5 Bb5 59. Ra2 Kxg5 60. Ke4 Re6 0-1

[Event "Berliner Sommer 06th"]
[Site "Berlin West"]
[Date "1988.??.??"]
[Round "3"]
[White "Ekstroem, Roland"]
[Black "Tangborn, Eric"]
[Result "1/2-1/2"]
[WhiteElo "2440"]
[BlackElo "2350"]
[PlyCount "37"]
[EventDate "1988.08.06"]
[EventType "swiss"]
[EventRounds "9"]
[EventCountry "GER"]
[SourceTitle "TD"]
[Source "ChessBase"]
[SourceDate "1994.03.01"]
[SourceVersion "1"]
[SourceVersionDate "1994.03.01"]
[SourceQuality "1"]

1. c4 c5 2. Nf3 g6 3. d4 cxd4 4. Nxd4 Bg7 5. e4 Nc6 6. Be3 Nf6 7. Nc3 Ng4 8. Qxg4 Nxd4 9. Qd1 Ne6 10. Be2 Bxc3+ 11. bxc3 Qa5 12. Qc2 b6 13. 0-0 Bb7 14. Rad1 Rc8 15. f3 Rc7 16. Rb1 Bc6 17. Rb4 f6 18. a4 Kf7 19. Rfb1 1/2-1/2

[Event "Berliner Sommer 06th"]
[Site "Berlin West"]
[Date "1988.??.??"]
[Round "9"]
[White "Horvath, Gyula"]
[Black "Tangborn, Eric"]
[Result "1-0"]
[WhiteElo "2445"]
[BlackElo "2350"]
[PlyCount "89"]
[EventDate "1988.08.06"]
[EventType "swiss"]
[EventRounds "9"]
[EventCountry "GER"]
[SourceTitle "TD"]
[Source "ChessBase"]
[SourceDate "1994.03.01"]
[SourceVersion "1"]
[SourceVersionDate "1994.03.01"]
[SourceQuality "1"]

1. Nf3 c5 2. c4 g6 3. d4 cxd4 4. Nxd4 Nc6 5. e4 Bg7 6. Be3 Nf6 7. Nc3 Ng4 8. Qxg4 Nxd4 9. Qd1 Ne6 10. Rc1 Qa5 11. Qd2 b6 12. Bd3 Bb7 13. 0-0 g5 14. Rfd1 Bc6 15. b3 Bd4 16. Bxd4 Nxd4 17. Be2 Ne6 18. Bg4 Qe5 19. b4 Rd8 20. Nd5 h6 21. Re1 Nf4 22. g3 Ne6 23. Bh5 Ng7 24. Bg4 Ne6 25. Qd1 Rg8 26. Re3 Kf8 27. Rcc3 Ng7 28. Ra3 h5 29. Bxh5 e6 30. Bf3 Ba8 31. Nc3 Ne8 32. Rxa7 Nf6 33. Ra6 g4 34. Bg2 Rh8 35. Rxb6 Qg5 36. Qd6+ Kg7 37. Rb5 Qh6 38. Kf1 Rc8 39. Rc5 Rxc5 40. Qxc5 d6 41. Qxd6 Qxh2 42. c5 Qh7 43. c6 Qg8 44. b5 Qc8 45. Rd3 1-0

[Event "Berliner Sommer 06th"]
[Site "Berlin West"]
[Date "1988.??.??"]
[Round "2"]
[White "Tangborn, Eric"]
[Black "Hansen, Lars Bo"]
[Result "1/2-1/2"]
[WhiteElo "2350"]
[BlackElo "2455"]
[PlyCount "67"]
[EventDate "1988.08.06"]
[EventType "swiss"]
[EventRounds "9"]
[EventCountry "GER"]
[SourceTitle "TD"]
[Source "ChessBase"]
[SourceDate "1994.03.01"]
[SourceVersion "1"]
[SourceVersionDate "1994.03.01"]
[SourceQuality "1"]

1. d4 e6 2. Nf3 Nf6 3. Bg5 c5 4. e3 Be7 5. Nbd2 cxd4 6. exd4 b6 7. c3 Bb7 8. Bd3 d6 9. 0-0 Nbd7 10. Re1 0-0 11. a4 a6 12. Nf1 h6 13. Bh4 Re8 14. Ne3 Qb8 15. Nd2 Bc6 16. Bg3 Qb7 17. Ndc4 Qc7 18. Nc2 Rad8 19. Nb4 Bb7 20. Ne3 Nb8 21. Qe2 a5 22. Nbc2 Ne4 23. Na3 Nxg3 24. hxg3 Bc6 25. Nb5 Qb7 26. d5 exd5 27. Bc2 Bg5 28. Qd3 g6 29. f4 Bf6 30. Bb3 Kg7 31. Ng4 Bxb5 32. axb5 Qc8 33. Nxf6 Qc5+ 34. Kf1 1/2-1/2

[Event "Hastings op 8889"]
[Site "Hastings"]
[Date "1988.??.??"]
[Round "?"]
[White "Tangborn, Eric"]
[Black "Plaskett, H James"]
[Result "1/2-1/2"]
[WhiteElo "2350"]
[BlackElo "2465"]
[PlyCount "46"]
[EventDate "1988.12.??"]
[EventType "swiss"]
[EventRounds "10"]
[EventCountry "ENG"]
[SourceTitle "EXT 1997"]
[Source "ChessBase"]
[SourceDate "1996.11.15"]
[SourceVersion "1"]
[SourceVersionDate "1996.11.15"]
[SourceQuality "1"]

1. d4 Nf6 2. Nf3 c5 3. d5 g6 4. Nc3 Bg7 5. e4 0-0 6. a4 d6 7. Be2 Na6 8. 0-0 Nc7 9. Bf4 b6 10. Qd2 Bb7 11. Rfe1 Qd7 12. Bh6 a6 13. Bxg7 Kxg7 14. Rab1 e6 15. dxe6 Qxe6 16. Rbd1 Rad8 17. b3 b5 18. axb5 axb5 19. Nxb5 Nxb5 20. Bxb5 Nxe4 21. Ng5 Qf5 22. Nxe4 Bxe4 23. Bd3 Bxd3 1/2-1/2